|
|
|
|
| LEADER |
00000cam a2200000 7i4500 |
| 001 |
0000001082 |
| 005 |
20131221.0 |
| 020 |
0 |
0 |
|a 9810419899
|
| 090 |
0 |
0 |
|a 339.4095
|b YOS 2000
|
| 100 |
1 |
0 |
|a YOSHIHARA
|h Kunio
|
| 245 |
1 |
0 |
|a Asia per capita :
|b Why national incomes differ in East Asia
|c Kunio Yoshihara
|
| 260 |
0 |
0 |
|a London; SingaporebCurzon Press ; New Asian Library, 2000
|
| 300 |
|
|
|a ix, 223 p. :
|b ill. ;
|c 21 cm.
|
| 650 |
0 |
0 |
|a National income
|z Asia, Southeastern
|
| 650 |
0 |
0 |
|a National income
|z East Asia
|
| 998 |
|
|
|a JPSM
|
| 999 |
|
|
|a 0000002019
|b Monograph
|c Open Shelf
|e Default branch
|